000 00639nam a2200229Ia 4500
999 _c41179
_d41179
001 7830
003 GE_BSU
005 20221116110750.0
008 181216s2005en xx |||||||||||||| ||eng||
020 _a0672326663 x
040 _cGE_BSU
041 _aeng
080 _a004.4 K-66
100 _aStephen, G.Kochan.
_914829
245 _aProgramming in C /
_cG. Kochan. Stephen,
264 _aUSA,
_c2005.
300 _a543 p.:
_bIll;
_c23 cm.
653 _aProgramming in C
653 _aპროგრამირება C-ში
653 _aკომპიუტერული პროგრამები
942 _cBK
_2udc